載入...

Bharath ki sanskriti aur kala/

書目詳細資料
主要作者: Radhakamal Mukharjee
格式: Printed Book
出版: Delhi: Rajpal And Sons, 1959.
LEADER 00366nam a22001097a 4500
100 |a Radhakamal Mukharjee 
245 |a Bharath ki sanskriti aur kala/  |c Radhakamal Mukharjee 
260 |a Delhi:  |b Rajpal And Sons,  |c 1959. 
300 |a 376p. 
942 |2 ddc  |c BK 
999 |c 242961  |d 242961 
952 |0 0  |1 0  |4 0  |7 0  |9 269500  |a HIN  |b HIN  |c S-10  |d 2012-03-29  |i 6339  |l 0  |p HIN6339  |r 2014-02-07  |w 2014-02-07  |y BK